Derecho penal : parte general /

Guardado en:
Autor Principal: Frister, Helmut
Otros Autores: Sancinetti, Marcelo A., (trad.), Galli, María de las Mercedes, (trad.)
Formato: Libro
Idioma:Spanish
Publicado: Buenos Aires : Hammurabi, 2016
Edición:1a. reimp.
Materias:
Etiquetas: Agregar Etiqueta
Sin Etiquetas, Sea el primero en etiquetar este registro!
LEADER 00617nam a22001815a 4500
001 DER.der013630
008 180615s2016####ag#####|###|#|######spa||
005 20250703171215.0
245 1 0 |a Derecho penal :  |b parte general /  |c Helmut Frister ; traducido por Marcelo A. Sancinetti y María de las Mercedes Galli. 
250 |a 1a. reimp. 
260 |a Buenos Aires :  |b Hammurabi,  |c 2016 
300 |a 722 p. 
020 |a 9789507415388 
100 1 |a Frister, Helmut 
700 1 |a Sancinetti, Marcelo A.,  |e trad. 
700 1 |a Galli, María de las Mercedes,  |e trad. 
650 7 |a DERECHO PENAL 
859 |a DERECHO  |b BIB. DERECHO  |h 345  |i FRI  |p 008667